[Event "Memorial Kurnosova 2017"]
[Site "?"]
[Date "2017.09.09"]
[Round "8.7"]
[White "Ponkratov, Pavel"]
[Black "Lugovskoy, Maxim"]
[Result "1-0"]
[LiveChessVersion "1.4.8"]
[BlackElo "2509"]
[WhiteElo "2731"]

1. e4 {[%clk 0:14:45]} e6 {[%clk 0:15:18]} 2. d4 {[%clk 0:14:54]} d5
{[%clk 0:15:26]} 3. Nd2 {[%clk 0:15:00]} Nf6 {[%clk 0:15:29]} 4. e5
{[%clk 0:14:48]} Nfd7 {[%clk 0:15:38]} 5. f4 {[%clk 0:14:57]} c5 {[%clk 0:15:46]}
6. c3 {[%clk 0:14:53]} Nc6 {[%clk 0:15:54]} 7. Ngf3 {[%clk 0:15:02]} cxd4
{[%clk 0:15:43]} 8. Nxd4 {[%clk 0:14:27]} g5 {[%clk 0:12:26]} 9. N2f3
{[%clk 0:13:36]} g4 {[%clk 0:12:22]} 10. Ng1 {[%clk 0:13:44]} h5 {[%clk 0:10:36]}
11. Bd3 {[%clk 0:13:51]} Nc5 {[%clk 0:10:28]} 12. Nge2 {[%clk 0:13:59]} Bd7
{[%clk 0:10:25]} 13. O-O {[%clk 0:13:53]} Qb6 {[%clk 0:10:13]} 14. Bc2
{[%clk 0:13:56]} Ne4 {[%clk 0:09:13]} 15. a4 {[%clk 0:10:49]} h4 {[%clk 0:08:51]}
16. Be3 {[%clk 0:10:33]} Bc5 {[%clk 0:07:43]} 17. Bxe4 {[%clk 0:09:35]} dxe4
{[%clk 0:07:50]} 18. b4 {[%clk 0:09:44]} Bxd4 {[%clk 0:07:22]} 19. Nxd4
{[%clk 0:09:49]} Nxd4 {[%clk 0:07:27]} 20. Bxd4 {[%clk 0:09:55]} Qc6
{[%clk 0:07:03]} 21. b5 {[%clk 0:09:41]} Qc4 {[%clk 0:06:34]} 22. Qxg4
{[%clk 0:09:30]} O-O-O {[%clk 0:06:42]} 23. Rfe1 {[%clk 0:09:20]} f5
{[%clk 0:06:45]} 24. Qe2 {[%clk 0:08:59]} Qxe2 {[%clk 0:06:52]} 25. Rxe2
{[%clk 0:09:07]} Be8 {[%clk 0:05:32]} 26. Bxa7 {[%clk 0:08:56]} Rd3
{[%clk 0:05:32]} 27. Kf2 {[%clk 0:07:38]} Bh5 {[%clk 0:04:34]} 28. Rc2
{[%clk 0:07:28]} h3 {[%clk 0:03:27]} 29. g3 {[%clk 0:07:30]} Rf3+
{[%clk 0:03:12]} 30. Ke1 {[%clk 0:07:10]} Rd3 {[%clk 0:02:26]} 31. Bd4
{[%clk 0:07:07]} e3 {[%clk 0:01:53]} 32. a5 {[%clk 0:06:43]} Kd7 {[%clk 0:01:48]}
33. a6 {[%clk 0:06:05]} bxa6 {[%clk 0:01:57]} 34. bxa6 {[%clk 0:06:14]} Ra8
{[%clk 0:01:38]} 35. a7 {[%clk 0:06:22]} Bf3 {[%clk 0:01:13]} 36. Rb2
{[%clk 0:06:29]} Kc7 {[%clk 0:01:08]} 37. Rba2 {[%clk 0:04:55]} Bg4
{[%clk 0:01:02]} 38. Rc2 {[%clk 0:02:24]} Bf3 {[%clk 0:01:10]} 39. Rb2
{[%clk 0:02:33]} Bg4 {[%clk 0:01:14]} 40. Re2 {[%clk 0:00:39]} Bxe2
{[%clk 0:01:10]} 41. Kxe2 {[%clk 0:00:47]} Rd2+ {[%clk 0:01:19]} 42. Kxe3
{[%clk 0:00:56]} Rxh2 {[%clk 0:01:23]} 43. Kf3 {[%clk 0:00:52]} Rb2
{[%clk 0:01:17]} 44. Rh1 {[%clk 0:00:47]} h2 {[%clk 0:01:25]} 45. Bf2
{[%clk 0:00:40]} Kc6 {[%clk 0:00:24]} 46. Rxh2 {[%clk 0:00:26]} Rxa7
{[%clk 0:00:33]} 47. Rh6 {[%clk 0:00:35]} Re7 {[%clk 0:00:43]} 48. Bd4
{[%clk 0:00:42]} Rb1 {[%clk 0:00:23]} 49. Rh8 {[%clk 0:00:48]} Rc1
{[%clk 0:00:17]} 50. Ra8 {[%clk 0:00:36]} Kb5 {[%clk 0:00:21]} 51. Rc8
{[%clk 0:00:42]} Rc2 {[%clk 0:00:17]} 52. Rc5+ {[%clk 0:00:21]} Ka4
{[%clk 0:00:18]} 53. Rc6 {[%clk 0:00:29]} Kb3 {[%clk 0:00:22]} 54. Rb6+
{[%clk 0:00:17]} Kc4 {[%clk 0:00:29]} 55. Rc6+ {[%clk 0:00:27]} Kd3
{[%clk 0:00:25]} 56. Rd6 {[%clk 0:00:32]} Re8 {[%clk 0:00:22]} 57. Rd7
{[%clk 0:00:29]} Ra2 {[%clk 0:00:15]} 58. Rc7 {[%clk 0:00:29]} Kc2
{[%clk 0:00:16]} 59. g4 {[%clk 0:00:23]} fxg4+ {[%clk 0:00:14]} 60. Kxg4
{[%clk 0:00:32]} Rg8+ {[%clk 0:00:16]} 61. Kf3 {[%clk 0:00:41]} Ra1
{[%clk 0:00:22]} 62. Rc6 {[%clk 0:00:38]} Rf1+ {[%clk 0:00:25]} 63. Bf2
{[%clk 0:00:43]} Re8 {[%clk 0:00:18]} 64. c4 {[%clk 0:00:48]} Rd1
{[%clk 0:00:19]} 65. Rd6 {[%clk 0:00:51]} Rd3+ {[%clk 0:00:16]} 66. Ke4
{[%clk 0:00:48]} Rc3 {[%clk 0:00:25]} 67. c5 {[%clk 0:00:49]} Rc4+
{[%clk 0:00:18]} 68. Bd4 {[%clk 0:00:56]} Re7 {[%clk 0:00:12]} 69. f5
{[%clk 0:00:34]} exf5+ {[%clk 0:00:18]} 70. Kxf5 {[%clk 0:00:43]} Rf7+
{[%clk 0:00:20]} 71. Ke4 {[%clk 0:00:42]} Rh7 {[%clk 0:00:27]} 72. e6
{[%clk 0:00:48]} Rh4+ {[%clk 0:00:19]} 73. Kf5 {[%clk 0:00:42]} Rh7
{[%clk 0:00:13]} 74. Rd7 {[%clk 0:00:36]} Rh1 {[%clk 0:00:12]} 75. e7
{[%clk 0:00:38]} Rf1+ {[%clk 0:00:12]} 76. Kg6 {[%clk 0:00:25]} Re1
{[%clk 0:00:19]} 77. Kf7 {[%clk 0:00:34]} Rf1+ {[%clk 0:00:24]} 78. Bf6
{[%clk 0:00:41]} Re4 {[%clk 0:00:16]} 79. Rd6 {[%clk 0:00:45]} Rfe1
{[%clk 0:00:18]} 80. c6 {[%clk 0:00:54]} Kb3 {[%clk 0:00:12]} 81. c7
{[%clk 0:01:02]} Rc4 {[%clk 0:00:22]} 82. Rd7 {[%clk 0:01:07]} 1-0

[Event "Memorial Kurnosova 2017"]
[Site "?"]
[Date "2017.09.09"]
[Round "8.8"]
[White "Lysyj, Igor"]
[Black "Khanin, Semen"]
[Result "0-1"]
[LiveChessVersion "1.4.8"]
[BlackElo "2415"]
[WhiteElo "2667"]

1. d4 {[%clk 0:15:18]} Nf6 {[%clk 0:15:18]} 2. Nf3 {[%clk 0:15:26]} g6
{[%clk 0:15:25]} 3. e3 {[%clk 0:15:35]} Bg7 {[%clk 0:15:30]} 4. Be2
{[%clk 0:15:43]} O-O {[%clk 0:15:32]} 5. O-O {[%clk 0:15:51]} d6 {[%clk 0:15:27]}
6. c4 {[%clk 0:16:00]} Nbd7 {[%clk 0:15:25]} 7. Nc3 {[%clk 0:16:08]} e5
{[%clk 0:15:29]} 8. Qc2 {[%clk 0:16:15]} exd4 {[%clk 0:14:41]} 9. Nxd4
{[%clk 0:16:20]} Re8 {[%clk 0:14:49]} 10. b3 {[%clk 0:15:50]} Nc5
{[%clk 0:14:44]} 11. Rd1 {[%clk 0:15:23]} Nfe4 {[%clk 0:14:25]} 12. Bb2
{[%clk 0:15:05]} Nxc3 {[%clk 0:14:03]} 13. Bxc3 {[%clk 0:15:11]} Ne4
{[%clk 0:14:09]} 14. Bb2 {[%clk 0:15:14]} Qe7 {[%clk 0:14:02]} 15. Bd3
{[%clk 0:14:22]} a6 {[%clk 0:14:02]} 16. Re1 {[%clk 0:13:46]} Bd7
{[%clk 0:13:21]} 17. Nf3 {[%clk 0:12:47]} Bxb2 {[%clk 0:12:41]} 18. Qxb2
{[%clk 0:12:56]} Nc5 {[%clk 0:11:56]} 19. Bf1 {[%clk 0:12:56]} b5
{[%clk 0:11:19]} 20. b4 {[%clk 0:12:46]} Na4 {[%clk 0:11:13]} 21. Qd2
{[%clk 0:12:44]} Nb6 {[%clk 0:09:36]} 22. Rac1 {[%clk 0:12:48]} bxc4
{[%clk 0:09:40]} 23. Bxc4 {[%clk 0:12:55]} Nxc4 {[%clk 0:09:38]} 24. Rxc4
{[%clk 0:13:03]} Bb5 {[%clk 0:09:17]} 25. Rc3 {[%clk 0:12:44]} c5
{[%clk 0:09:18]} 26. bxc5 {[%clk 0:12:46]} dxc5 {[%clk 0:09:26]} 27. Rec1
{[%clk 0:12:55]} Rac8 {[%clk 0:09:25]} 28. Qc2 {[%clk 0:12:52]} Red8
{[%clk 0:09:06]} 29. h3 {[%clk 0:10:16]} Rd5 {[%clk 0:09:03]} 30. a4
{[%clk 0:09:11]} Bd7 {[%clk 0:09:10]} 31. e4 {[%clk 0:08:49]} Rd6
{[%clk 0:09:15]} 32. e5 {[%clk 0:07:21]} Rdc6 {[%clk 0:07:33]} 33. Qe4
{[%clk 0:07:23]} Bf5 {[%clk 0:07:37]} 34. Qf4 {[%clk 0:07:27]} Rb6
{[%clk 0:07:34]} 35. Qh6 {[%clk 0:06:14]} f6 {[%clk 0:05:26]} 36. Qe3
{[%clk 0:05:38]} Rbc6 {[%clk 0:03:48]} 37. a5 {[%clk 0:03:25]} fxe5
{[%clk 0:02:57]} 38. Nxe5 {[%clk 0:03:24]} R6c7 {[%clk 0:02:40]} 39. Qg3
{[%clk 0:02:07]} Rb7 {[%clk 0:01:43]} 40. Nc4 {[%clk 0:01:59]} Rc6
{[%clk 0:00:49]} 41. Nb6 {[%clk 0:01:42]} Be6 {[%clk 0:00:30]} 42. Qe5
{[%clk 0:01:32]} Rbc7 {[%clk 0:00:33]} 43. Re1 {[%clk 0:00:48]} Qg7
{[%clk 0:00:33]} 44. Qg3 {[%clk 0:00:56]} Qf6 {[%clk 0:00:30]} 45. Re5
{[%clk 0:00:58]} Bf7 {[%clk 0:00:30]} 46. Kh2 {[%clk 0:00:21]} c4
{[%clk 0:00:27]} 47. Qe3 {[%clk 0:00:24]} Qd6 {[%clk 0:00:31]} 48. f4
{[%clk 0:00:31]} Rc5 {[%clk 0:00:36]} 49. Qe4 {[%clk 0:00:23]} Qc6
{[%clk 0:00:21]} 50. Qd4 {[%clk 0:00:29]} Rxe5 {[%clk 0:00:25]} 51. fxe5
{[%clk 0:00:37]} Qc5 {[%clk 0:00:28]} 52. Qd8+ {[%clk 0:00:45]} Kg7
{[%clk 0:00:36]} 53. Qf6+ {[%clk 0:00:49]} Kg8 {[%clk 0:00:45]} 54. Qd8+
{[%clk 0:00:58]} Kg7 {[%clk 0:00:54]} 55. Qf6+ {[%clk 0:00:55]} Kg8
{[%clk 0:01:03]} 56. Rf3 {[%clk 0:00:17]} Re7 {[%clk 0:01:12]} 57. e6
{[%clk 0:00:20]} Qd6+ {[%clk 0:01:20]} 58. Kh1 {[%clk 0:00:22]} Qxe6
{[%clk 0:01:28]} 59. Qd4 {[%clk 0:00:30]} Qe1+ {[%clk 0:01:35]} 60. Kh2
{[%clk 0:00:40]} Qe5+ {[%clk 0:01:44]} 61. Qxe5 {[%clk 0:00:48]} Rxe5
{[%clk 0:01:53]} 62. Ra3 {[%clk 0:00:53]} Rc5 {[%clk 0:02:00]} 63. Nd7
{[%clk 0:01:02]} Rb5 {[%clk 0:02:04]} 64. Nf6+ {[%clk 0:00:53]} Kg7
{[%clk 0:02:13]} 65. Ne4 {[%clk 0:01:02]} Rb2 {[%clk 0:02:10]} 66. Nc5
{[%clk 0:01:04]} Bd5 {[%clk 0:02:14]} 67. Kg3 {[%clk 0:01:13]} g5
{[%clk 0:02:05]} 0-1

[Event "Memorial Kurnosova 2017"]
[Site "?"]
[Date "2017.09.09"]
[Round "8.9"]
[White "Gutenev, Alexander"]
[Black "Zvjaginsev, Vadim"]
[Result "0-1"]
[LiveChessVersion "1.4.8"]
[BlackElo "2621"]
[WhiteElo "2469"]

1. e4 {[%clk 0:15:00]} d6 {[%clk 0:15:17]} 2. d4 {[%clk 0:15:08]} Nf6
{[%clk 0:15:25]} 3. Nc3 {[%clk 0:15:16]} g6 {[%clk 0:15:34]} 4. Nf3
{[%clk 0:15:23]} Bg7 {[%clk 0:15:43]} 5. Be2 {[%clk 0:15:31]} O-O
{[%clk 0:15:51]} 6. O-O {[%clk 0:15:39]} a6 {[%clk 0:15:55]} 7. a4
{[%clk 0:15:46]} Nc6 {[%clk 0:15:56]} 8. d5 {[%clk 0:15:48]} Ne5 {[%clk 0:15:58]}
9. Nxe5 {[%clk 0:12:12]} dxe5 {[%clk 0:16:06]} 10. Bc4 {[%clk 0:10:38]} Bd7
{[%clk 0:15:44]} 11. Qe2 {[%clk 0:10:19]} Ne8 {[%clk 0:14:27]} 12. a5
{[%clk 0:10:07]} Nd6 {[%clk 0:14:22]} 13. Bb3 {[%clk 0:09:46]} f5
{[%clk 0:12:36]} 14. exf5 {[%clk 0:09:41]} gxf5 {[%clk 0:12:35]} 15. f4
{[%clk 0:09:23]} e4 {[%clk 0:12:24]} 16. Be3 {[%clk 0:09:01]} Kh8
{[%clk 0:11:08]} 17. Qd2 {[%clk 0:07:10]} Rg8 {[%clk 0:10:49]} 18. Na4
{[%clk 0:04:36]} Bxa4 {[%clk 0:08:59]} 19. Rxa4 {[%clk 0:04:42]} b5
{[%clk 0:09:02]} 20. axb6 {[%clk 0:04:39]} cxb6 {[%clk 0:09:11]} 21. c4
{[%clk 0:03:18]} b5 {[%clk 0:08:39]} 22. cxb5 {[%clk 0:03:25]} axb5
{[%clk 0:08:48]} 23. Raa1 {[%clk 0:01:46]} Qf8 {[%clk 0:08:45]} 24. Rxa8
{[%clk 0:01:02]} Qxa8 {[%clk 0:08:53]} 25. Bd4 {[%clk 0:00:47]} Qf8
{[%clk 0:08:26]} 26. Rc1 {[%clk 0:00:52]} Bxd4+ {[%clk 0:07:54]} 27. Qxd4+
{[%clk 0:01:01]} Qg7 {[%clk 0:08:02]} 28. Qe5 {[%clk 0:00:39]} Re8
{[%clk 0:05:38]} 29. Rc7 {[%clk 0:00:41]} Kg8 {[%clk 0:05:40]} 30. Bd1
{[%clk 0:00:25]} Kf8 {[%clk 0:05:31]} 31. Bh5 {[%clk 0:00:28]} Ra8
{[%clk 0:05:03]} 32. Rxe7 {[%clk 0:00:13]} Ra1+ {[%clk 0:05:04]} 33. Kf2
{[%clk 0:00:22]} e3+ {[%clk 0:05:13]} 34. Kf3 {[%clk 0:00:13]} Rf1+
{[%clk 0:05:22]} 35. Kxe3 {[%clk 0:00:18]} Qxe7 {[%clk 0:05:30]} 0-1

[Event "Memorial Kurnosova 2017"]
[Site "?"]
[Date "2017.09.09"]
[Round "8.10"]
[White "Bocharov, Dmitry"]
[Black "Kostenko, Petr"]
[Result "1-0"]
[LiveChessVersion "1.4.8"]
[BlackElo "2487"]
[WhiteElo "2611"]

1. Nf3 {[%clk 0:15:16]} e6 {[%clk 0:14:58]} 2. c4 {[%clk 0:15:09]} f5
{[%clk 0:15:06]} 3. g3 {[%clk 0:15:08]} Nf6 {[%clk 0:15:15]} 4. Bg2
{[%clk 0:15:17]} d5 {[%clk 0:15:24]} 5. O-O {[%clk 0:15:21]} Bd6 {[%clk 0:15:32]}
6. Nc3 {[%clk 0:15:06]} O-O {[%clk 0:15:39]} 7. d3 {[%clk 0:15:14]} dxc4
{[%clk 0:15:29]} 8. dxc4 {[%clk 0:15:16]} e5 {[%clk 0:15:34]} 9. c5
{[%clk 0:13:08]} Bxc5 {[%clk 0:15:41]} 10. Qb3+ {[%clk 0:13:05]} Kh8
{[%clk 0:15:40]} 11. Nxe5 {[%clk 0:13:11]} Qe8 {[%clk 0:10:16]} 12. Bxb7
{[%clk 0:10:14]} Bxb7 {[%clk 0:10:09]} 13. Qxb7 {[%clk 0:10:22]} Nbd7
{[%clk 0:10:18]} 14. Nxd7 {[%clk 0:08:35]} Qxd7 {[%clk 0:10:27]} 15. Bf4
{[%clk 0:08:05]} Rfc8 {[%clk 0:08:00]} 16. Rad1 {[%clk 0:07:51]} Qe6
{[%clk 0:08:09]} 17. Qb5 {[%clk 0:07:45]} Bf8 {[%clk 0:07:11]} 18. Qe5
{[%clk 0:07:26]} Qxe5 {[%clk 0:06:19]} 19. Bxe5 {[%clk 0:07:27]} Ng4
{[%clk 0:06:00]} 20. Bf4 {[%clk 0:07:30]} Rab8 {[%clk 0:06:02]} 21. b3
{[%clk 0:07:06]} Rb7 {[%clk 0:06:00]} 22. Rd5 {[%clk 0:06:46]} g6
{[%clk 0:06:10]} 23. Rfd1 {[%clk 0:06:53]} Kg8 {[%clk 0:05:49]} 24. Rd8
{[%clk 0:05:57]} Rbb8 {[%clk 0:04:34]} 25. Bxc7 {[%clk 0:04:49]} Rxc7
{[%clk 0:04:38]} 26. Rxb8 {[%clk 0:04:56]} Kf7 {[%clk 0:04:32]} 27. Nd5
{[%clk 0:04:54]} Rc2 {[%clk 0:04:21]} 28. Rb7+ {[%clk 0:04:58]} Ke6
{[%clk 0:04:30]} 29. Rxa7 {[%clk 0:04:12]} Bc5 {[%clk 0:04:34]} 30. Nf4+
{[%clk 0:04:17]} Kf6 {[%clk 0:03:39]} 31. Ra6+ {[%clk 0:04:25]} Ke7
{[%clk 0:03:33]} 32. Nd3 {[%clk 0:04:09]} Bd6 {[%clk 0:03:39]} 33. Rxd6
{[%clk 0:04:10]} 1-0

[Event "Memorial Kurnosova 2017"]
[Site "?"]
[Date "2017.09.09"]
[Round "9.2"]
[White "Movsesian, Sergei"]
[Black "Bocharov, Ivan"]
[Result "0-1"]
[LiveChessVersion "1.4.8"]
[BlackElo "2590"]
[WhiteElo "2712"]

1. Nf3 {[%clk 0:15:17]} Nf6 {[%clk 0:15:19]} 2. g3 {[%clk 0:15:26]} g6
{[%clk 0:15:23]} 3. Bg2 {[%clk 0:15:35]} Bg7 {[%clk 0:15:31]} 4. O-O
{[%clk 0:15:42]} O-O {[%clk 0:15:39]} 5. d4 {[%clk 0:15:51]} d5 {[%clk 0:15:46]}
6. Nbd2 {[%clk 0:15:59]} c6 {[%clk 0:15:52]} 7. b3 {[%clk 0:16:07]} Bf5
{[%clk 0:15:57]} 8. Bb2 {[%clk 0:16:13]} a5 {[%clk 0:16:05]} 9. c4
{[%clk 0:16:08]} a4 {[%clk 0:16:03]} 10. Nh4 {[%clk 0:15:44]} Be6
{[%clk 0:15:50]} 11. e4 {[%clk 0:14:26]} dxe4 {[%clk 0:15:46]} 12. Nxe4
{[%clk 0:14:34]} Nxe4 {[%clk 0:15:50]} 13. Bxe4 {[%clk 0:14:42]} Qb6
{[%clk 0:15:08]} 14. Bc3 {[%clk 0:12:09]} Rd8 {[%clk 0:13:44]} 15. c5
{[%clk 0:12:17]} Qc7 {[%clk 0:13:45]} 16. b4 {[%clk 0:11:24]} Nd7
{[%clk 0:13:05]} 17. a3 {[%clk 0:11:24]} Bc4 {[%clk 0:10:51]} 18. Bd3
{[%clk 0:10:15]} Bxd3 {[%clk 0:10:06]} 19. Qxd3 {[%clk 0:10:23]} Nf8
{[%clk 0:10:00]} 20. Nf3 {[%clk 0:10:17]} Ne6 {[%clk 0:09:56]} 21. Rad1
{[%clk 0:09:49]} Rd5 {[%clk 0:09:54]} 22. Qe4 {[%clk 0:09:37]} Rad8
{[%clk 0:09:59]} 23. Rd2 {[%clk 0:09:17]} Ng5 {[%clk 0:08:40]} 24. Nxg5
{[%clk 0:09:25]} Rxg5 {[%clk 0:08:49]} 25. Re1 {[%clk 0:07:23]} e6
{[%clk 0:08:18]} 26. Qc2 {[%clk 0:07:32]} Ra8 {[%clk 0:08:22]} 27. Rd3
{[%clk 0:07:18]} Qd7 {[%clk 0:08:12]} 28. Bb2 {[%clk 0:06:57]} h5
{[%clk 0:08:09]} 29. Re5 {[%clk 0:04:19]} Bxe5 {[%clk 0:04:58]} 30. dxe5
{[%clk 0:04:28]} Qe7 {[%clk 0:04:56]} 31. f4 {[%clk 0:04:28]} Rf5
{[%clk 0:05:03]} 32. h4 {[%clk 0:04:36]} g5 {[%clk 0:04:03]} 33. hxg5
{[%clk 0:04:26]} h4 {[%clk 0:04:12]} 34. Kg2 {[%clk 0:03:38]} Kg7
{[%clk 0:04:10]} 35. Qd2 {[%clk 0:03:37]} hxg3 {[%clk 0:04:07]} 36. Rd7
{[%clk 0:01:45]} Qe8 {[%clk 0:04:05]} 37. Kxg3 {[%clk 0:01:50]} Qh8
{[%clk 0:04:10]} 38. Qd1 {[%clk 0:01:14]} Qh7 {[%clk 0:04:11]} 39. Rd8
{[%clk 0:01:23]} Rxd8 {[%clk 0:04:03]} 40. Qxd8 {[%clk 0:01:32]} Qh1
{[%clk 0:04:10]} 41. Qd4 {[%clk 0:00:52]} Qe1+ {[%clk 0:03:31]} 42. Kf3
{[%clk 0:01:00]} Kg6 {[%clk 0:03:19]} 43. Bc3 {[%clk 0:01:02]} Qh1+
{[%clk 0:03:08]} 44. Kg3 {[%clk 0:00:52]} Kh5 {[%clk 0:02:59]} 45. Bd2
{[%clk 0:01:01]} Qh4+ {[%clk 0:03:04]} 46. Kg2 {[%clk 0:01:10]} Rxg5+
{[%clk 0:03:07]} 47. Kf1 {[%clk 0:01:09]} Qh1+ {[%clk 0:02:57]} 48. Ke2
{[%clk 0:01:18]} Rg2+ {[%clk 0:03:06]} 49. Kd3 {[%clk 0:01:26]} Qb1+
{[%clk 0:03:13]} 50. Ke3 {[%clk 0:01:22]} Qg1+ {[%clk 0:03:22]} 0-1

[Event "Memorial Kurnosova 2017"]
[Site "?"]
[Date "2017.09.09"]
[Round "9.3"]
[White "Zvjaginsev, Vadim"]
[Black "Yuffa, Daniil"]
[Result "1/2-1/2"]
[LiveChessVersion "1.4.8"]
[BlackElo "2554"]
[WhiteElo "2621"]

1. e4 {[%clk 0:15:19]} c6 {[%clk 0:15:19]} 2. Nc3 {[%clk 0:15:20]} d5
{[%clk 0:15:27]} 3. d4 {[%clk 0:15:21]} dxe4 {[%clk 0:15:35]} 4. Nxe4
{[%clk 0:15:29]} Bf5 {[%clk 0:15:43]} 5. Nc5 {[%clk 0:15:38]} Nd7
{[%clk 0:15:40]} 6. Bd3 {[%clk 0:15:46]} Bxd3 {[%clk 0:15:32]} 7. Nxd3
{[%clk 0:15:54]} Ngf6 {[%clk 0:15:22]} 8. Nf3 {[%clk 0:16:02]} e6
{[%clk 0:15:28]} 9. O-O {[%clk 0:15:45]} c5 {[%clk 0:15:02]} 10. Qe2
{[%clk 0:14:14]} cxd4 {[%clk 0:12:47]} 11. Nxd4 {[%clk 0:14:19]} Nc5
{[%clk 0:12:00]} 12. Nxc5 {[%clk 0:14:03]} Bxc5 {[%clk 0:12:07]} 13. Qb5+
{[%clk 0:14:02]} Nd7 {[%clk 0:12:13]} 14. Rd1 {[%clk 0:09:36]} Qb6
{[%clk 0:10:13]} 15. Qxb6 {[%clk 0:09:36]} Bxb6 {[%clk 0:08:19]} 16. b3
{[%clk 0:09:12]} Nf6 {[%clk 0:07:08]} 17. Nb5 {[%clk 0:07:13]} O-O
{[%clk 0:06:50]} 18. Kf1 {[%clk 0:05:22]} Rfd8 {[%clk 0:05:21]} 19. Bg5
{[%clk 0:05:06]} Kf8 {[%clk 0:03:56]} 20. Bxf6 {[%clk 0:04:50]} gxf6
{[%clk 0:04:04]} 21. Ke2 {[%clk 0:03:45]} Ke7 {[%clk 0:04:03]} 22. c4
{[%clk 0:03:39]} a6 {[%clk 0:03:46]} 23. Nc3 {[%clk 0:03:45]} Ba5
{[%clk 0:03:07]} 24. Rac1 {[%clk 0:02:56]} f5 {[%clk 0:02:30]} 25. c5
{[%clk 0:02:43]} Rxd1 {[%clk 0:01:23]} 26. Nxd1 {[%clk 0:02:52]} Rg8
{[%clk 0:01:27]} 27. g3 {[%clk 0:02:52]} h5 {[%clk 0:01:14]} 28. Nb2
{[%clk 0:02:25]} h4 {[%clk 0:00:57]} 29. Nd3 {[%clk 0:02:07]} hxg3
{[%clk 0:01:01]} 30. hxg3 {[%clk 0:02:16]} Bc7 {[%clk 0:00:57]} 31. b4
{[%clk 0:02:04]} Rg4 {[%clk 0:01:05]} 32. a4 {[%clk 0:01:56]} 1/2-1/2

[Event "Memorial Kurnosova 2017"]
[Site "?"]
[Date "2017.09.09"]
[Round "9.4"]
[White "Khenkin, Igor"]
[Black "Ponkratov, Pavel"]
[Result "1/2-1/2"]
[LiveChessVersion "1.4.8"]
[BlackElo "2731"]
[WhiteElo "2540"]

1. d4 {[%clk 0:15:19]} Nf6 {[%clk 0:15:19]} 2. c4 {[%clk 0:15:28]} e6
{[%clk 0:15:28]} 3. Nf3 {[%clk 0:15:37]} c6 {[%clk 0:15:38]} 4. Nc3
{[%clk 0:15:33]} d5 {[%clk 0:15:47]} 5. cxd5 {[%clk 0:15:04]} exd5
{[%clk 0:15:51]} 6. Qc2 {[%clk 0:15:12]} Be7 {[%clk 0:14:54]} 7. Bg5
{[%clk 0:15:19]} Na6 {[%clk 0:15:01]} 8. a3 {[%clk 0:14:33]} Nc7 {[%clk 0:15:03]}
9. e3 {[%clk 0:14:41]} Ne6 {[%clk 0:15:11]} 10. Bh4 {[%clk 0:14:46]} g6
{[%clk 0:15:17]} 11. Bd3 {[%clk 0:14:46]} Ng7 {[%clk 0:15:25]} 12. O-O
{[%clk 0:14:26]} Nf5 {[%clk 0:14:59]} 13. Bxf6 {[%clk 0:14:02]} Bxf6
{[%clk 0:15:07]} 14. b4 {[%clk 0:14:12]} a6 {[%clk 0:14:44]} 15. a4
{[%clk 0:14:15]} O-O {[%clk 0:14:39]} 16. b5 {[%clk 0:14:19]} a5 {[%clk 0:14:45]}
17. bxc6 {[%clk 0:14:09]} bxc6 {[%clk 0:14:54]} 18. Ne2 {[%clk 0:14:02]} Qd6
{[%clk 0:14:29]} 19. Rfc1 {[%clk 0:13:33]} Ne7 {[%clk 0:14:15]} 20. Qc5
{[%clk 0:10:37]} Qc7 {[%clk 0:14:23]} 21. Nf4 {[%clk 0:10:35]} Rd8
{[%clk 0:14:14]} 22. h3 {[%clk 0:09:31]} Rb8 {[%clk 0:09:42]} 23. Rab1
{[%clk 0:09:18]} Rxb1 {[%clk 0:09:01]} 24. Rxb1 Bd7 {[%clk 0:09:02]} 25. Be2
{[%clk 0:04:18]} Be8 {[%clk 0:09:06]} 26. Nd3 {[%clk 0:04:11]} Nc8
{[%clk 0:09:00]} 27. Qc2 {[%clk 0:03:42]} Nd6 {[%clk 0:08:34]} 28. Nc5
{[%clk 0:03:43]} Rb8 {[%clk 0:08:35]} 29. Rxb8 {[%clk 0:02:37]} Qxb8
{[%clk 0:08:44]} 30. Qb3 {[%clk 0:02:47]} Qc7 {[%clk 0:08:40]} 31. Nd2
{[%clk 0:02:37]} Be7 {[%clk 0:08:41]} 32. Na6 {[%clk 0:02:19]} Qd8
{[%clk 0:07:36]} 33. Nc5 {[%clk 0:00:40]} h5 {[%clk 0:06:58]} 34. Nf3
{[%clk 0:00:26]} Ne4 {[%clk 0:05:24]} 35. Nxe4 {[%clk 0:00:16]} dxe4
{[%clk 0:05:33]} 36. Nd2 {[%clk 0:00:20]} c5 {[%clk 0:05:41]} 37. d5
{[%clk 0:00:30]} Qc7 {[%clk 0:04:11]} 38. Bb5 {[%clk 0:00:22]} Bxb5
{[%clk 0:03:53]} 39. axb5 {[%clk 0:00:23]} Qe5 {[%clk 0:04:01]} 40. b6
{[%clk 0:00:21]} Qa1+ {[%clk 0:03:37]} 41. Nf1 {[%clk 0:00:31]} Bd6
{[%clk 0:02:51]} 42. b7 {[%clk 0:00:40]} Qe5 {[%clk 0:02:58]} 43. Qb5
{[%clk 0:00:45]} Kg7 {[%clk 0:02:59]} 44. h4 {[%clk 0:00:42]} a4 {[%clk 0:02:47]}
45. Qxa4 {[%clk 0:00:50]} Qxd5 {[%clk 0:02:55]} 46. Qb5 {[%clk 0:00:58]} Bb8
{[%clk 0:02:53]} 47. g3 {[%clk 0:01:04]} Kf6 {[%clk 0:02:32]} 48. Qb2+
{[%clk 0:00:56]} Ke6 {[%clk 0:02:25]} 49. Nd2 {[%clk 0:01:04]} Kd7
{[%clk 0:02:14]} 50. Qb5+ {[%clk 0:01:07]} Ke7 {[%clk 0:00:35]} 51. Nc4
{[%clk 0:01:11]} Qd1+ {[%clk 0:00:43]} 52. Kh2 {[%clk 0:01:11]} Bxg3+
{[%clk 0:00:49]} 53. fxg3 {[%clk 0:00:59]} Qe2+ {[%clk 0:00:57]} 1/2-1/2

[Event "Memorial Kurnosova 2017"]
[Site "?"]
[Date "2017.09.09"]
[Round "9.5"]
[White "Potapov, Pavel"]
[Black "Bocharov, Dmitry"]
[Result "1/2-1/2"]
[LiveChessVersion "1.4.8"]
[BlackElo "2611"]
[WhiteElo "2527"]

1. e4 {[%clk 0:15:18]} d6 {[%clk 0:15:14]} 2. d4 {[%clk 0:15:23]} Nf6
{[%clk 0:15:23]} 3. Nc3 {[%clk 0:15:30]} g6 {[%clk 0:15:31]} 4. Bg5
{[%clk 0:14:51]} Bg7 {[%clk 0:15:26]} 5. Qd2 {[%clk 0:14:37]} h6 {[%clk 0:15:31]}
6. Bh4 {[%clk 0:14:34]} g5 {[%clk 0:15:36]} 7. Bg3 {[%clk 0:14:40]} Nh5
{[%clk 0:15:38]} 8. Nf3 {[%clk 0:13:58]} Nd7 {[%clk 0:13:57]} 9. Bc4
{[%clk 0:13:43]} e6 {[%clk 0:14:00]} 10. O-O-O {[%clk 0:12:49]} a6
{[%clk 0:13:59]} 11. Ne2 {[%clk 0:09:42]} b5 {[%clk 0:13:51]} 12. Bd3
{[%clk 0:09:34]} c5 {[%clk 0:13:14]} 13. c3 {[%clk 0:09:14]} Qb6 {[%clk 0:13:18]}
14. dxc5 {[%clk 0:08:34]} dxc5 {[%clk 0:11:59]} 15. Bc2 {[%clk 0:08:37]} g4
{[%clk 0:10:58]} 16. Ne1 {[%clk 0:08:02]} Nxg3 {[%clk 0:10:50]} 17. hxg3
{[%clk 0:07:50]} Ne5 {[%clk 0:09:57]} 18. Nf4 {[%clk 0:07:22]} Nc4
{[%clk 0:08:56]} 19. Qe2 {[%clk 0:06:41]} Qa5 {[%clk 0:08:07]} 20. Bb3
{[%clk 0:06:40]} Nxb2 {[%clk 0:07:40]} 21. Qxb2 {[%clk 0:05:54]} Bxc3
{[%clk 0:07:46]} 22. Qc2 {[%clk 0:05:17]} c4 {[%clk 0:07:28]} 23. Ned3
{[%clk 0:05:00]} cxb3 {[%clk 0:05:23]} 24. Qxb3 {[%clk 0:05:06]} Ra7
{[%clk 0:04:59]} 25. Kb1 {[%clk 0:05:01]} Rc7 {[%clk 0:05:00]} 26. Rc1
{[%clk 0:04:21]} Bb7 {[%clk 0:04:01]} 27. f3 {[%clk 0:04:21]} gxf3
{[%clk 0:03:47]} 28. gxf3 {[%clk 0:04:29]} Bd4 {[%clk 0:03:12]} 29. Nxe6
{[%clk 0:02:42]} fxe6 {[%clk 0:03:15]} 30. Qxe6+ {[%clk 0:02:49]} Re7
{[%clk 0:03:17]} 31. Qg6+ {[%clk 0:02:55]} Kf8 {[%clk 0:02:41]} 32. Rh5
{[%clk 0:03:03]} Bg7 {[%clk 0:02:16]} 33. Qd6 {[%clk 0:02:56]} Ke8
{[%clk 0:01:01]} 34. Qg6+ {[%clk 0:01:53]} Kf8 {[%clk 0:01:09]} 35. Qd6
{[%clk 0:02:00]} Ke8 {[%clk 0:00:35]} 36. Qg6+ {[%clk 0:02:07]} Rf7 37. Rf5 Rhf8
38. Rcc5 1/2-1/2